000 00592nam a2200241Ia 4500
003 OSt
005 20221005064334.0
006 a|||||r|||| 00| 0
007 ta
008 221004b |||||||| |||| 00| 0 eng d
024 _a27113
037 _cTextual
040 _aCRL
_cCRL
_beng
041 _2eng
_aeng
082 _aQ1:24x, G8
100 _aMahadevan T M P
245 0 _aUpanishads
260 _aMadras
_bG A Natesan and Co
_c1938
300 _a400p.
_ccm.
650 _aRELIGION
942 _hQ1:24x, G8
_cTEXL
_2cc
999 _c972804
_d972804